[Event "Mumbai SMCA op 1st"]
[Site "Mumbai"]
[Date "2024.10.15"]
[Round "7"]
[White "Saikat, Nath"]
[Black "Kulkarni, Vikramaditya"]
[Result "0-1"]
[WhiteElo "1829"]
[BlackElo "2185"]
[PlyCount "64"]
[EventDate "2024.10.11"]
[EventType "swiss"]
[EventRounds "8"]
[EventCountry "IND"]
[SourceTitle "CB43_2024"]
[Source "Chessbase"]
[SourceDate "2024.10.23"]
[SourceVersion "1"]
[SourceVersionDate "2024.10.23"]
[SourceQuality "1"]

1. d4 Nf6 2. c4 e6 3. Nc3 Bb4 4. Qc2 0-0 5. e4 Bxc3+ 6. bxc3 d6 7. Bg5 h6 8. Bh4 e5 9. Be2 Nbd7 10. Nf3 Qe8 11. Nd2 Kh8 12. g4 Ng8 13. g5 hxg5 14. Bxg5 f5 15. exf5 Ndf6 16. Qd3 Nh7 17. h4 exd4 18. cxd4 Bxf5 19. Qg3 Ngf6 20. Be3 Nh5 21. Qg2 Rd8 22. Rg1 Rd7 23. 0-0-0 Nf4 24. Bxf4 Qxe2 25. Qg3 b5 26. c5 Qe6 27. Nb3 Nf6 28. Kb2 Qe4 29. Qe3 Qc2+ 30. Ka1 Nd5 31. Qg3 Nxf4 32. Rc1 Ne2 0-1

[Event "Mumbai SMCA op 1st"]
[Site "Mumbai"]
[Date "2024.10.13"]
[Round "4"]
[White "Kulkarni, Vikramaditya"]
[Black "Dandekar, Amey"]
[Result "1-0"]
[WhiteElo "2185"]
[BlackElo "1686"]
[PlyCount "113"]
[EventDate "2024.10.11"]
[EventType "swiss"]
[EventRounds "8"]
[EventCountry "IND"]
[SourceTitle "CB43_2024"]
[Source "Chessbase"]
[SourceDate "2024.10.23"]
[SourceVersion "1"]
[SourceVersionDate "2024.10.23"]
[SourceQuality "1"]

1. d4 d6 2. e4 e5 3. dxe5 dxe5 4. Qxd8+ Kxd8 5. Bc4 f6 6. f4 Bd6 7. fxe5 Bxe5 8. Nf3 Nc6 9. Bd5 Nge7 10. Na3 Bg4 11. 0-0 Nxd5 12. exd5 Bxf3 13. gxf3 Nb4 14. Rd1 a5 15. c3 Na6 16. Nc4 a4 17. d6 Bxd6 18. Bf4 b5 19. Nxd6 cxd6 20. Rxd6+ Ke7 21. Rb6 g5 22. Bd6+ Kf7 23. Re1 Ra7 24. Rxb5 Rd8 25. Rb6 Rdd7 26. Re4 Nc7 27. c4 Ne6 28. Rxe6 Kxe6 29. Bb8+ Kf5 30. Rb5+ Ke6 31. Rb6+ Kf5 32. Rb5+ Ke6 33. Bxa7 Rxa7 34. Kf2 a3 35. b3 h5 36. Rd5 f5 37. f4 g4 38. Kg3 h4+ 39. Kxh4 Rh7+ 40. Kg3 Rh3+ 41. Kg2 Rc3 42. Re5+ Kf6 43. Re2 Kf7 44. Kf1 Rf3+ 45. Rf2 Rc3 46. Ke2 Rc2+ 47. Ke3 Rb2 48. Rd2 Ke6 49. Kd3 Rb1 50. c5 Rf1 51. c6 Rc1 52. Rc2 Rd1+ 53. Ke2 Rd8 54. c7 Rc8 55. Ke3 Kd7 56. Kd4 Kd6 57. Rc5 1-0

[Event "Bhopal Unicorn op 1st"]
[Site "Bhopal"]
[Date "2024.07.17"]
[Round "9"]
[White "Kulkarni, Vikramaditya"]
[Black "Wajih, Nassir"]
[Result "1-0"]
[WhiteElo "2200"]
[BlackElo "2140"]
[PlyCount "105"]
[EventDate "2024.07.13"]
[EventType "swiss"]
[EventRounds "9"]
[EventCountry "IND"]
[SourceTitle "CBM 221 Extra"]
[Source "ChessBase"]
[SourceDate "2024.09.30"]
[SourceVersion "1"]
[SourceVersionDate "2024.09.30"]
[SourceQuality "1"]

1. e4 g6 2. d4 Bg7 3. Nf3 d6 4. Be2 Nf6 5. Nc3 0-0 6. 0-0 Nbd7 7. Bg5 h6 8. Bf4 c5 9. d5 a6 10. a4 Rb8 11. Nd2 Ne8 12. Re1 Nc7 13. Nc4 b6 14. Bf1 Ne5 15. Nxe5 dxe5 16. Be3 Qd6 17. Qd2 g5 18. a5 b5 19. b4 cxb4 20. Na2 f5 21. Qxb4 fxe4 22. Rad1 Ne8 23. Bc5 Qf6 24. Bxe7 Qxf2+ 25. Kh1 Rf4 26. Bc5 Qxc2 27. Rd2 Qa4 28. Qxa4 bxa4 29. d6 Nf6 30. Nc3 Nd7 31. Be3 Rf8 32. Nxa4 Bf6 33. Bc4+ Kg7 34. Rc2 Bd8 35. Ba7 Bxa5 36. Rec1 Rb4 37. Nc5 Rf6 38. Nxe4 Rf4 39. Ng3 Bb7 40. Be6 Nf8 41. Nh5+ Kg6 42. Nxf4+ exf4 43. Bg4 Rb3 44. Rc5 Bd8 45. Bf5+ Kf6 46. Bc2 Rb4 47. Rf5+ Kg7 48. Rb1 Rxb1+ 49. Bxb1 Bf6 50. Ba2 Nd7 51. Bd4 Kg6 52. Bb1 Bxd4 53. Rxf4+ 1-0

[Event "Bhopal Unicorn op 1st"]
[Site "Bhopal"]
[Date "2024.07.16"]
[Round "8"]
[White "Kolla, Bhaavan"]
[Black "Kulkarni, Vikramaditya"]
[Result "1/2-1/2"]
[WhiteElo "1971"]
[BlackElo "2200"]
[PlyCount "218"]
[EventDate "2024.07.13"]
[EventType "swiss"]
[EventRounds "9"]
[EventCountry "IND"]
[SourceTitle "CBM 221 Extra"]
[Source "ChessBase"]
[SourceDate "2024.09.30"]
[SourceVersion "1"]
[SourceVersionDate "2024.09.30"]
[SourceQuality "1"]

1. e4 g6 2. d4 Bg7 3. c3 c6 4. Bd3 d6 5. Nf3 e5 6. dxe5 dxe5 7. 0-0 Nd7 8. Qe2 Nh6 9. Bg5 f6 10. Be3 Qe7 11. h3 Nc5 12. Bc2 0-0 13. Nbd2 Nf7 14. Rfd1 Bh6 15. Bxh6 Nxh6 16. Qe3 Nf7 17. Nc4 Ne6 18. a4 Nf4 19. Bb3 Kg7 20. Rd2 Be6 21. Na5 Bxb3 22. Nxb3 b6 23. Rad1 Rfd8 24. Nc1 Nd6 25. b3 Nb7 26. Ne2 Ne6 27. h4 Na5 28. Nc1 Nc5 29. c4 Ne6 30. Ne2 Rxd2 31. Rxd2 Rd8 32. h5 Nc5 33. Nh4 Rxd2 34. Qxd2 Naxb3 35. Qe3 Nd4 36. Nxd4 exd4 37. Qg3 Qxe4 38. hxg6 hxg6 39. f3 Qe3+ 40. Kh1 Qg5 41. Qc7+ Kh6 42. g3 Qc1+ 43. Kh2 Qd2+ 44. Kh1 Qe1+ 45. Kh2 Qe2+ 46. Kh1 Qe1+ 47. Kh2 Qe8 48. Qf4+ Kg7 49. Qxd4 Qe2+ 50. Kg1 Qd3 51. Qf4 Ne6 52. Qg4 Qd4+ 53. Qxd4 Nxd4 54. Kf2 Nb3 55. Ng2 Nc5 56. a5 bxa5 57. Ne3 a4 58. Nc2 Nd3+ 59. Ke3 Nc5 60. Kd4 Ne6+ 61. Kc3 c5 62. Kb2 Nd4 63. Ne1 Nf5 64. Ka3 Nd6 65. Kxa4 Nxc4 66. Kb5 Nd2 67. Kxc5 Nf1 68. g4 Nh2 69. Kd4 a5 70. Ke3 Kh6 71. Nd3 a4 72. Kf2 a3 73. Nb4 Kg5 74. Kg3 Nf1+ 75. Kf2 Nh2 76. Kg3 Nf1+ 77. Kf2 Nd2 78. Ke3 Nc4+ 79. Kf2 Kf4 80. Nd3+ Kg5 81. Nb4 Ne5 82. Kg3 Nd3 83. Na2 Nf4 84. Nb4 Ne2+ 85. Kf2 Nc1 86. Nc2 Nb3 87. Nxa3 Kf4 88. Nc2 Nc1 89. Ne1 g5 90. Ng2+ Ke5 91. Ke3 Nb3 92. f4+ Kd5 93. fxg5 fxg5 94. Ne1 Nd4 95. Nf3 Nxf3 96. Kxf3 Kd4 97. Kf2 Ke4 98. Ke2 Kf4 99. Kf2 Kxg4 100. Kg2 Kf4 101. Kf2 g4 102. Kg2 g3 103. Kg1 Kg5 104. Kg2 Kg4 105. Kg1 Kh4 106. Kg2 Kg4 107. Kg1 Kh3 108. Kh1 g2+ 109. Kg1 Kg3 1/2-1/2

[Event "Bhopal Unicorn op 1st"]
[Site "Bhopal"]
[Date "2024.07.16"]
[Round "7"]
[White "Kulkarni, Vikramaditya"]
[Black "Sharma, Harish1"]
[Result "1-0"]
[WhiteElo "2200"]
[BlackElo "1879"]
[PlyCount "93"]
[EventDate "2024.07.13"]
[EventType "swiss"]
[EventRounds "9"]
[EventCountry "IND"]
[SourceTitle "CBM 221 Extra"]
[Source "ChessBase"]
[SourceDate "2024.09.30"]
[SourceVersion "1"]
[SourceVersionDate "2024.09.30"]
[SourceQuality "1"]

1. e4 e6 2. d3 d5 3. Nd2 c5 4. g3 Nc6 5. Ngf3 e5 6. exd5 Qxd5 7. Bg2 Bg4 8. h3 Be6 9. 0-0 Qd7 10. Re1 f6 11. Kh2 Bd6 12. Ne4 Nge7 13. Nfd2 b6 14. Nxd6+ Qxd6 15. Qh5+ Bf7 16. Qg4 0-0 17. Nc4 Qc7 18. c3 Rad8 19. Qe2 Qd7 20. Be4 Rfe8 21. Qf1 b5 22. Nd2 f5 23. Bg2 Qxd3 24. Qxd3 Rxd3 25. Bf1 Rd6 26. Bxb5 Red8 27. Nc4 Rd1 28. Bg5 Rxa1 29. Rxa1 Rb8 30. a4 e4 31. Nd6 a6 32. Bf4 axb5 33. axb5 g5 34. Bxg5 Nc8 35. Nxf7 Rxb5 36. Ra6 N8a7 37. Nh6+ Kf8 38. Be3 Kg7 39. Nxf5+ Kg8 40. Nd6 Rxb2 41. Bxc5 Ne5 42. Rxa7 Nf3+ 43. Kg2 Rb1 44. Ra8+ Kg7 45. Bd4+ Kh6 46. Nf7+ Kh5 47. Ra5+ 1-0

[Event "Bhopal Unicorn op 1st"]
[Site "Bhopal"]
[Date "2024.07.13"]
[Round "1"]
[White "Kulkarni, Vikramaditya"]
[Black "Chauhan, Anmol"]
[Result "1-0"]
[WhiteElo "2200"]
[BlackElo "1554"]
[PlyCount "121"]
[EventDate "2024.07.13"]
[EventType "swiss"]
[EventRounds "9"]
[EventCountry "IND"]
[SourceTitle "CBM 221 Extra"]
[Source "ChessBase"]
[SourceDate "2024.09.30"]
[SourceVersion "1"]
[SourceVersionDate "2024.09.30"]
[SourceQuality "1"]

1. e4 c5 2. a3 Nc6 3. b4 d6 4. bxc5 dxc5 5. Bb2 a6 6. Bc4 e6 7. e5 g6 8. f4 Nge7 9. Nc3 b5 10. Ne4 Ng8 11. Be2 Nd4 12. Nf3 Bb7 13. d3 Bxe4 14. dxe4 Nxe2 15. Qxe2 Qa5+ 16. Kf2 c4 17. Bd4 Ne7 18. a4 Qd8 19. axb5 axb5 20. Rxa8 Qxa8 21. Ra1 Qc6 22. Qe1 Nc8 23. Qa5 Bc5 24. Qa8 Kd7 25. Bxc5 Qxc5+ 26. Ke2 Rd8 27. Nd4 Nd6 28. Qa7+ Qxa7 29. Rxa7+ Nb7 30. Rxb7+ Kc8 31. Nc6 Kxb7 32. Nxd8+ Kc7 33. Nxf7 b4 34. Nd6 b3 35. c3 b2 36. Nb5+ Kb6 37. Na3 Ka5 38. Nxc4+ Kb5 39. Nxb2 Kc5 40. Kf3 Kc6 41. Kg4 h6 42. Nd1 Kc5 43. Ne3 Kb5 44. h4 h5+ 45. Kg5 Kc6 46. Kxg6 Kd7 47. Kxh5 Ke7 48. Kg6 Kf8 49. c4 Ke7 50. Nc2 Kd7 51. Nb4 Ke7 52. c5 Kd7 53. Kf7 Kc7 54. Kxe6 Kb7 55. Kd7 Ka7 56. Kc7 Ka8 57. e6 Ka7 58. c6 Ka8 59. Kb6 Kb8 60. e7 Kc8 61. e8Q# 1-0

[Event "Mumbai Accurate op"]
[Site "Mumbai"]
[Date "2023.09.30"]
[Round "2"]
[White "Kulkarni, Vikramaditya"]
[Black "Yuvan, Raj A"]
[Result "1-0"]
[WhiteElo "2208"]
[BlackElo "1149"]
[PlyCount "73"]
[EventDate "2023.09.29"]
[EventType "swiss"]
[EventRounds "7"]
[EventCountry "IND"]
[SourceTitle "CBM 216 Extra"]
[Source "ChessBase"]
[SourceDate "2023.11.30"]
[SourceVersion "1"]
[SourceVersionDate "2023.11.30"]
[SourceQuality "1"]

1. a3 c5 2. e4 Nc6 3. b4 cxb4 4. axb4 e5 5. b5 Nd4 6. Nf3 Nxf3+ 7. Qxf3 Nf6 8. Bc4 Bc5 9. d3 d6 10. Bg5 h6 11. Bxf6 Qxf6 12. Qxf6 gxf6 13. Bd5 Rb8 14. Nd2 Bd7 15. Ke2 Ke7 16. Rhb1 Be6 17. c3 f5 18. Bxe6 Kxe6 19. exf5+ Kxf5 20. Ne4 Ra8 21. Ra4 Rhc8 22. f4 exf4 23. Rf1 Kg6 24. Rxf4 d5 25. Rg4+ Kf5 26. Ng3+ Ke6 27. Nh5 Bd6 28. Ng7+ Kf6 29. Rad4 Rxc3 30. Rxd5 Bxh2 31. Rf5+ Ke7 32. Re4+ Kf8 33. Ne6+ Kg8 34. Rg4+ Kh8 35. Rh5 Kh7 36. Rg7+ Kh8 37. Rxh6# 1-0